| 000 | 00582nam a22002053a 4500 | ||
|---|---|---|---|
| 005 | 20240612063848.0 | ||
| 008 | 010914s1998 mx fr 000 0 spa d | ||
| 020 | _a9701802527 | ||
| 035 | _aUPN01000111511 | ||
| 049 | _aCG | ||
| 050 | 4 |
_aQK98.5 M6 _bL6.3 |
|
| 100 | 1 | _aLozoya, Xavier | |
| 245 | 1 | 3 |
_aLa herbolaria en México / _cXavier Lozoya. |
| 260 |
_aMéxico : _bCNCA, Dirección General de Publicaciones, _c1998. |
||
| 300 |
_a63 p. : _bil. |
||
| 440 | 0 | _aTercer milenio | |
| 650 | 4 |
_aBotánica médica _91355 |
|
| 650 | 4 |
_aMateria médica vegetal _925663 |
|
| 905 | _aLibro | ||
| 999 |
_c85419 _d85419 |
||